Maritime supply chains / (Record no. 3293)

000 -LEADER
fixed length control field 04166cam a2200445 a 4500
006 - FIXED-LENGTH DATA ELEMENTS--ADDITIONAL MATERIAL CHARACTERISTICS--GENERAL INFORMATION
fixed length control field m o d
007 - PHYSICAL DESCRIPTION FIXED FIELD--GENERAL INFORMATION
fixed length control field cr |n|||||||||
008 - FIXED-LENGTH DATA ELEMENTS--GENERAL INFORMATION
fixed length control field 200330s2020 ne o 000 0 eng d
020 ## - INTERNATIONAL STANDARD BOOK NUMBER
International Standard Book Number 9780128189320
Qualifying information (electronic bk.)
020 ## - INTERNATIONAL STANDARD BOOK NUMBER
International Standard Book Number 0128189320
Qualifying information (electronic bk.)
040 ## - CATALOGING SOURCE
Original cataloging agency IMU Kochi Library
Language of cataloging eng
041 0# - LANGUAGE CODE
Language code of text/sound track or separate title eng
082 04 - DEWEY DECIMAL CLASSIFICATION NUMBER
Classification number 658.5
Edition number 23
245 00 - TITLE STATEMENT
Title Maritime supply chains /
260 ## - PUBLICATION, DISTRIBUTION, ETC. (IMPRINT)
Place of publication, distribution, etc Amsterdam :
Name of publisher, distributor, etc Elsevier,
Date of publication, distribution, etc 2020.
300 ## - PHYSICAL DESCRIPTION
Extent 1 online resource
505 0# - FORMATTED CONTENTS NOTE
Formatted contents note Intro -- Title page -- Table of Contents -- Copyright -- Contributors -- Chapter 1: Integration of the maritime supply chain: Evolving from collaboration process to maritime supply chain network -- Abstract -- Acknowledgments -- 1 Setting the scene -- 2 Aim of the book -- 3 Features of the book -- 4 Contents of the book -- Part I: Shipping -- Chapter 2: Assessment of transportation demand on alternative short-sea shipping services considering external costs -- Abstract -- Acknowledgments -- 1 Introduction -- 2 Literature review -- 3 Methodology and numerical methods -- 4 Case study
505 8# - FORMATTED CONTENTS NOTE
Formatted contents note 5 Conclusions -- Chapter 3: Identifying cost performance indicators for a logistics model for vessel trains -- Abstract -- Acknowledgments -- 1 Introduction -- 2 Vessel train concepts -- 3 Current situation of waterborne transport and competitive transport modes -- 4 Literature review of supply-chain performance measures -- 5 Identifying cost performance indicators for the vessel train concept -- 6 Conclusions -- Part II: Port and terminals -- Chapter 4: Analysis of port waiting time due to congestion by applying Markov chain analysis -- Abstract -- 1 Introduction -- 2 Literature review
505 8# - FORMATTED CONTENTS NOTE
Formatted contents note 3 Method -- 4 Results -- 5 Discussion -- 6 Conclusion -- Chapter 5: A generic understanding of the economic changes of major port regions with shift-share analysis applied, South Korea -- Abstract -- Acknowledgments -- 1 Introduction -- 2 Literature review -- 3 Port system in South Korea -- 4 Methodology -- 5 Results -- 6 Conclusion -- Appendix: Compositions of freight types in four major ports in 2015 -- Chapter 6: Policing flows of drugs in the harbor of Antwerp: A nodal-network analysis -- Abstract -- Acknowledgment -- 1 Introduction -- 2 Conceptual framework
505 8# - FORMATTED CONTENTS NOTE
Formatted contents note 3 Belgian port research using the concept of "nodal governance" -- 4 Drug trafficking through the port of Antwerp ... a glocalized phenomenon -- 5 The Stroomplan, a policy-based and operational approach to a global phenomenon -- 6 Conclusion and reflections -- Chapter 7: Economic, social, and environmental impacts of autonomous shipping strategies -- Abstract -- 1 Introduction -- 2 Framework -- 3 Results -- 4 Conclusions -- Part III: Hinterland -- Chapter 8: Identifying policies for intermodal logistics chains based on domestic Ro-Ro services -- Abstract -- 1 Introduction -- 2 Methodology
505 8# - FORMATTED CONTENTS NOTE
Formatted contents note 3 Methodology application -- 4 Conclusion and final remarks -- Chapter 9: Automated SME cargo bundling as a tool to reduce transaction costs while limiting the platform's liability exposure -- Abstract -- 1 Introduction -- 2 Liability management for SME automated cargo bundling tools -- 3 Optimizing strategic matching -- 4 Facilitating operational matching -- 5 Legal design allowing for risk management and reduced contract cost -- 6 Summary/conclusion and preliminary results -- Part IV: Transversal issues -- Chapter 10: Sustainable blockchain technology in the maritime shipping industry
650 #0 - SUBJECT ADDED ENTRY--TOPICAL TERM
Topical term or geographic name as entry element Business logistics.
650 #0 - SUBJECT ADDED ENTRY--TOPICAL TERM
Topical term or geographic name as entry element Shipping.
650 #6 - SUBJECT ADDED ENTRY--TOPICAL TERM
Topical term or geographic name as entry element Logistique (Organisation)
650 #7 - SUBJECT ADDED ENTRY--TOPICAL TERM
Topical term or geographic name as entry element Business logistics
Source of heading or term fast
650 #7 - SUBJECT ADDED ENTRY--TOPICAL TERM
Topical term or geographic name as entry element Shipping
Source of heading or term fast
700 1# - ADDED ENTRY--PERSONAL NAME
Personal name Vanelslander, Thierry.
700 1# - ADDED ENTRY--PERSONAL NAME
Personal name Sys, Christa.
852 ## - LOCATION/CALL NUMBER
Location IMU Kochi Library
856 40 - ELECTRONIC LOCATION AND ACCESS
Uniform Resource Identifier <a href="https://www.sciencedirect.com/science/book/9780128184219">https://www.sciencedirect.com/science/book/9780128184219</a>
904 ## - LOCAL DATA ELEMENT D, LDD (RLIN)
CATALOGER Rudra Ranjan
905 ## - LOCAL DATA ELEMENT E, LDE (RLIN)
VERIFIER Rudra Ranjan
942 ## - ADDED ENTRY ELEMENTS (KOHA)
Item type E-Book
338 ## -
-- online resource
650 #6 - SUBJECT ADDED ENTRY--TOPICAL TERM
-- (CaQQLa)201-0024063
650 #7 - SUBJECT ADDED ENTRY--TOPICAL TERM
-- (OCoLC)fst00842759
650 #7 - SUBJECT ADDED ENTRY--TOPICAL TERM
-- (OCoLC)fst01116352

No items available.



Copyright © All Rights Reserved by Indian Maritime University, Kochi Campus.
For any Suggestions/Query Contact to library or Email: library.kochi@imu.ac.in Ph:(0484)-2989402
(Web OPAC Designed by Rudra Ranjan. Maintained by IMU Kochi Library)

Powered by Koha